| 000 | 00384nam a2200169 i 4500 | ||
|---|---|---|---|
| 001 | bg | ||
| 100 | 1 | _aTOMAS, R. | |
| 245 | 0 |
_aOperacionnaja sistema UNIX / _cR. Tomas, D. Jejts. |
|
| 260 |
_aMoskva, _c1986. |
||
| 630 | 0 | 9 | _aUNIX |
| 700 | 1 | _aJEJTS, D. | |
| 040 | _cBPK | ||
| 041 | _apol | ||
| 080 | _a681.322.066Unix | ||
| 942 | _cKS | ||
| 008 | s pl f |000 0 pol | ||
| 999 |
_c23348 _d23348 |
||
| 856 |
_uhttp://koha.tu.koszalin.pl/cgi-bin/koha/opac-detail.pl?biblionumber=23348 _yKatalog online BPK |
||